| 000 | 00838nam a2200265 a 4500 | ||
|---|---|---|---|
| 001 | 41166 | ||
| 003 | BD-RjUL | ||
| 005 | 20211209053336.0 | ||
| 008 | 160516s1987 mau b 001 0 eng | ||
| 020 | _a0887301479 | ||
| 035 | _a(BD-RjUL) 41282 | ||
| 040 |
_aDLC _cDLC _dDLC _d(BD-RjUL) _beng |
||
| 041 | _aeng | ||
| 082 | 0 | 0 |
_a322.5 _223 _bMAM 1987 |
| 100 | 1 |
_aManiruzzaman, Talukder. _9126628 |
|
| 245 | 1 | 0 |
_aMilitary withdrawal from politics : _ba comparative study / _cTalukder Maniruzzaman. |
| 260 |
_aCambridge, Mass. : _bBallinger Pub. Co., _cc1987. |
||
| 300 |
_axiv, 250 p. ; _c24 cm. |
||
| 504 | _aIncludes bibliographies and index. | ||
| 650 | 0 |
_aCivil-military relations. _9126629 |
|
| 650 | 0 |
_aMilitary government. _9126630 |
|
| 650 | 0 |
_aComparative government. _9116596 |
|
| 942 |
_2ddc _cBK |
||
| 999 |
_c41166 _d41166 |
||